000 00957cam a2200277 a 4500
001 12226516
003 OSt
005 20151126231946.0
008 001108s2000 at a b 001 0 eng
010 _a 00709650
020 _a0534576737
020 _a0534576729
040 _aDLC
_cDDC
_dDLC
050 0 0 _aBF121
_b.C625 2000
082 0 0 _a150 COO 2001
_221
100 1 _aCoon, Dennis.
_95184
245 1 0 _aIntroduction to psychology :
_bgateways to mind and behavior /
_cDennis Coon.
250 _a9th ed.
260 _aAustralia ;
_aBelmont, CA :
_bWadsworth/Thompson Learning,
_c[2000]
300 _a1 v. (various pagings) :
_bill. (chiefly col.) ;
_c29 cm.
504 _aIncludes bibliographical references and indexes.
650 0 _aPsychology
_vTextbooks.
_95170
906 _a7
_bcbc
_corigcop
_d3
_encip
_f20
_gy-gencatlg
942 _2z
_cSLOAN
999 _c1984
_d1984